| 000 | 00504nam a2200181Ia 4500 | ||
|---|---|---|---|
| 008 | 240925s9999 xx 000 0 und d | ||
| 020 | _a013776782x | ||
| 082 | _a650.14 HAY | ||
| 100 | _aHayes ,Kit Harrington | ||
| 245 | 0 | _aManaging Career Transitions: your career as a work in progrss | |
| 250 | _aNA | ||
| 260 |
_aNew Jersey: _bPrintice- Hall Int. _c,1996. |
||
| 300 |
_axvi,1026p. _bNA _fOriginal |
||
| 500 | _aIncludes Index | ||
| 600 | _aSocial Sciences | ||
| 650 | _aManagement | ||
| 942 | _cBK | ||
| 999 |
_c5330 _d5330 |
||